|
|
|
|
| LEADER |
00000nam a2200000 a 4500 |
| 001 |
UCZ5629 |
| 003 |
CL-VaPUC |
| 008 |
951124e19520000IT |||||||||||||||||lat|d |
| 082 |
0 |
4 |
|a 189.4
|b TOM
|2 21
|
| 100 |
|
|
|a Tomás de Aquino
|d 1220-1274
|c Santo
|e author
|9 255832
|
| 245 |
1 |
0 |
|a In Aristotelis libros de caelo et mundo de generatione et corruptione meteorologicorum: expositio
|
| 300 |
|
|
|a 740 p
|
| 942 |
|
|
|c BK
|
| 945 |
|
|
|d 19951124 00:00:00
|a cmena
|
| 260 |
|
|
|a Turín
|b Marietti
|c 1952
|
| 650 |
|
0 |
|a Escolasticismo
|9 264998
|
| 650 |
|
0 |
|a Tomismo
|9 259214
|
| 650 |
|
0 |
|a Filosofía medieval
|9 256245
|
| 650 |
|
0 |
|a Teología
|9 258766
|
| 650 |
|
0 |
|a Filosofía de la naturaleza
|9 265899
|
| 583 |
|
|
|a last modification
|c 19951124 00:00:00
|k Rodrigo Vera
|
| 999 |
|
|
|c 241920
|d 241918
|
| 952 |
|
|
|0 0
|1 0
|4 0
|6 189_400000000000000_TOM_1952
|7 0
|8 P
|9 254569
|a BIBEDU
|b BIBEDU
|c BIBEDU_PB
|d 2019-11-19
|i 1579339
|o 189.4 TOM 1952
|p 1579339
|r 2024-01-25
|w 2019-11-19
|y BK
|k FIL
|